| 000 | 00353nam a2200145Ia 4500 | ||
|---|---|---|---|
| 008 | 230312s9999||||xx |||||||||||||| ||und|| | ||
| 020 | _a81-312-2183-9 | ||
| 082 | _bBAL-C | ||
| 100 | _aS;M.Balaji | ||
| 245 | 0 | _aClinical Cranio Maxillofacial Surgery | |
| 260 |
_bElsevier _aIndia _c2017 |
||
| 300 | _a520 | ||
| 650 |
_aMedical _vDentistry |
||
| 942 | _cBK | ||
| 999 |
_c13280 _d13280 |
||